Lluís Barba (Record no. 3581)

MARC details
000 - LÍDER
campo de control de longitud fija 01073nam a2200205Ia 4500
008 - ELEMENTOS DE DATOS DE LONGITUD FIJA - INFORMACIÓN GENERAL
campo de control de longitud fija 0000001997 ve a 0000000000spa00
090 ## - NÚMERO DE LLAMADA DE TIPO LC LOCALMENTE ASIGNADO (OCLC)
Número de clasificación (OCLC) (R) PSP00 B17l
100 1# - ENTRADA PRINCIPAL - NOMBRE PERSONAL
Nombre de la persona Barba, Lluís
Fechas asociadas a un nombre 1952
245 10 - TÍTULO DECLARACIÓN
Título Lluís Barba
Resto del título : clonation mutation isolated pressure, codes
Declaración de responsabilidad / textos didácticos Carlos Palacios, xiomara Jiménez ; textos en inglés Maite Gómez Teixidó ; ensayos Fernando Castro Flórez...[et al] ; fotografías Joan Mundó
260 ## - PUBLICACIÓN, DISTRIBUCIÓN
Lugar de publicación Caracas : Museo Jacobo Borges
Fecha de publicación 1997
300 ## - DESCRIPCIÓN FÍSICA
Alcance 90 p.
Dimensiones / 28 cm.
500 ## - NOTA GENERAL
Nota general Exposición realizada en el Museo Jacobo Borges, Caracas, Julio Agosto, 1997 \ Portada autografiada con el siguiente texto: Con cariño para Celia de Lluís \ Con el patronazgo del maestro venezolano Jesús Rafael Soto (q.e.p.d.) \ Registro auspiciado por el IDCT. Bogotá
600 00 - ENTRADA DE SUJETO AÑADIDO - NOMBRE PERSONAL
Nombre de la persona BARBA, LLUIS, 1952/
Subdivisión general TRABAJOS PICTORICOS
650 14 - ENTRADA DE SUJETO AÑADIDO - TÉRMINO TÓPICO
Término tópico o elemento de entrada del nombre geográfico ARTE CONTEMPORANEO ESPAÑOL
650 14 - ENTRADA DE SUJETO AÑADIDO - TÉRMINO TÓPICO
Subdivisión general CATALOGOS
650 14 - ENTRADA DE SUJETO AÑADIDO - TÉRMINO TÓPICO
Subdivisión general EXPOSICIONES
650 14 - ENTRADA DE SUJETO AÑADIDO - TÉRMINO TÓPICO
Término tópico o elemento de entrada del nombre geográfico PINTORES ESPAÑOLES
650 14 - ENTRADA DE SUJETO AÑADIDO - TÉRMINO TÓPICO
Término tópico o elemento de entrada del nombre geográfico PINTURA ESPAÑOLA
700 1# - ENTRADA AGREGADA - NOMBRE PERSONAL
Nombre de la persona Palacios, Carlos \
Holdings
Estado de retirada Pérdida de estatus Estado dañado No para préstamo Código de recogida Ubicación permanente Ubicación actual Ubicación de las estanterías Fecha de adquisición Número de llamada completo Código de barras Fecha de la última vez que se vio Número de copia Precio efectivo desde Tipo de artículo Koha
        General ArtNexus ArtNexus General 06/09/2022 P-SP-00 B17L 3584 06/09/2022 Ej.1 06/09/2022 Libro

Powered by Koha